Serious game for offensive cybersecurity training

Na minha lista:
Detalhes bibliográficos
Autor principal: Bajcár, Marek (Author)
Outros Autores: Helebrandt, Pavol (Thesis advisor)
Formato: Manuscrito Livro
Idioma:eslovaco
inglês
Publicado em: 2025
Assuntos:
Acesso em linha:http://is.stuba.sk/zp/portal_zp.pl?podrobnosti=175515
Tags: Adicionar Tag
Sem tags, seja o primeiro a adicionar uma tag!

MARC

LEADER 00000ntm a22000003a 4500
001 stuzp102855
003 SK-STU
005 20250614211610.4
007 ta
008 150427s2015----xo-----f-mn---000-0-slo-d
040 |a STU  |b slo 
041 0 |a eng 
100 1 |a Bajcár, Marek  |u 070400  |4 aut  |U FIIT Fakulta informatiky a informačných technológií  |T FIIT Ústav počítačového inžinierstva a aplikovanej informatiky  |X 120919  |U I400  |Y 672  |7 120919 
242 0 1 |a Seriózna hra pre trénovanie útočnej kybernetickej bezpečnosti  |y slo 
245 1 0 |a Serious game for offensive cybersecurity training 
260 |c 2025 
650 4 |a Offensive security  |2 eng 
650 4 |a CTF  |2 eng 
650 4 |a Gamification  |2 eng 
650 4 |a KYPO  |2 eng 
650 4 |a Cybersecurity  |2 eng 
650 4 |a Kyberbezpečnosť  |2 slo 
650 4 |a Ofenzívna bezpečnosť  |2 slo 
650 4 |a Gamifikácia  |2 slo 
650 4 |a KYPO  |2 slo 
650 4 |a CTF  |2 slo 
700 1 |a Helebrandt, Pavol  |u 070400  |k Z1  |4 ths  |U FIIT Fakulta informatiky a informačných technológií  |T FIIT Ústav počítačového inžinierstva a aplikovanej informatiky  |X 35267  |U I400  |Y 672  |7 35267 
856 4 |u http://is.stuba.sk/zp/portal_zp.pl?podrobnosti=175515